Electronic equipment construction (Record no. 1242)

MARC details
000 -LEADER
fixed length control field 00488nam a2200157Ia 4500
003 - CONTROL NUMBER IDENTIFIER
control field IN-BaIIA
008 - FIXED-LENGTH DATA ELEMENTS--GENERAL INFORMATION
fixed length control field 211028s9999 xx 000 0 eng d
040 ## - CATALOGING SOURCE
Transcribing agency IIA Library
080 ## - UNIVERSAL DECIMAL CLASSIFICATION NUMBER
Universal Decimal Classification number 621.38
Item number STA
110 ## - MAIN ENTRY--CORPORATE NAME
Corporate name or jurisdiction name as entry element Stanford Research Institute
9 (RLIN) 2614
245 #0 - TITLE STATEMENT
Title Electronic equipment construction
Statement of responsibility, etc. Stanford Research Institute
260 ## - PUBLICATION, DISTRIBUTION, ETC.
Place of publication, distribution, etc. Washington
Name of publisher, distributor, etc. Office of Naval Research
Date of publication, distribution, etc. 1950
650 ## - SUBJECT ADDED ENTRY--TOPICAL TERM
Topical term or geographic name entry element Electronics
9 (RLIN) 1576
650 ## - SUBJECT ADDED ENTRY--TOPICAL TERM
Topical term or geographic name entry element NASA Thesaurus
942 ## - ADDED ENTRY ELEMENTS (KOHA)
Koha item type Books
Holdings
Withdrawn status Lost status Damaged status Not for loan Home library Current library Shelving location Date acquired Total Checkouts Full call number Barcode Date last seen Price effective from Koha item type
        IIA Library-Bangalore IIA Library-Kavalur General Stacks     621.38/ STA 1314 05/11/2021   Books

Powered by Koha